|
|
|
|
| LEADER |
02116nim a2200625 i 4500 |
| 001 |
001784152 |
| 003 |
CZ BrMZK |
| 005 |
20210504075844.0 |
| 007 |
sd fungnnmmned |
| 008 |
210208t20202020xr ||nng n cze |
| 024 |
3 |
|
|a 099925662127
|
| 028 |
0 |
1 |
|a SU 6621-2
|b Supraphon
|
| 040 |
|
|
|a BOA001
|b cze
|e rda
|
| 043 |
|
|
|a e-xr---
|
| 045 |
|
|
|a x4y2
|
| 072 |
|
7 |
|a 791/793
|x Divadlo, film, tanec (obecně)
|2 Konspekt
|9 3
|
| 072 |
|
7 |
|a 929
|x Biografie
|2 Konspekt
|9 8
|
| 080 |
|
|
|a 791/792.071.2
|2 MRF
|
| 080 |
|
|
|a 929
|2 MRF
|
| 080 |
|
|
|a (437.3)
|2 MRF
|
| 080 |
|
|
|a (0:82-94)
|2 MRF
|
| 080 |
|
|
|a (0:82-27)
|2 MRF
|
| 080 |
|
|
|a (0:82-83)
|2 MRF
|
| 080 |
|
|
|a (086.7)08
|2 MRF
|
| 080 |
|
|
|a (086.76)
|2 MRF
|
| 100 |
1 |
|
|a Sobota, Luděk,
|d 1943-
|7 jk01120244
|4 aut
|4 nrt
|
| 245 |
1 |
0 |
|a Holé a trapné dýchání /
|c Luděk Sobota
|
| 264 |
|
1 |
|a Praha :
|b Supraphon,
|c 2020
|
| 264 |
|
4 |
|c ℗2020
|
| 300 |
|
|
|a 1 audiodisk (3 hod., 57 min.) ;
|c 12 cm
|
| 306 |
|
|
|a 035700
|
| 336 |
|
|
|a mluvené slovo
|b spw
|2 rdacontent
|
| 337 |
|
|
|a audio
|b s
|2 rdamedia
|
| 338 |
|
|
|a audiodisk
|b sd
|2 rdacarrier
|
| 344 |
|
|
|a digital
|b optical
|2 rda
|
| 347 |
|
|
|a audio soubor
|b MP3
|2 rda
|
| 500 |
|
|
|a Název z disku
|
| 500 |
|
|
|a 1 CD mp3
|
| 500 |
|
|
|a Čteno ze stejnojmenné knihy vydané nakladatelstvím Mladá fronta, 2019
|
| 508 |
|
|
|a Režie Naďa Dvorská
|
| 511 |
0 |
|
|a Čte Luděk Sobota
|
| 518 |
|
|
|o Nahráno
|d druhá polovina září 2020
|p studio V-Zenit
|
| 600 |
1 |
7 |
|a Sobota, Luděk,
|d 1943-
|7 jk01120244
|2 czenas
|
| 648 |
|
7 |
|a 20.-21. století
|7 ch462155
|2 czenas
|
| 650 |
0 |
7 |
|a herci
|7 ph117199
|z Česko
|y 20.-21. století
|2 czenas
|
| 655 |
|
7 |
|a autobiografické vzpomínky
|7 fd131854
|2 czenas
|
| 655 |
|
7 |
|a monology
|7 fd1036622
|2 czenas
|
| 655 |
|
7 |
|a dialogy
|7 fd132012
|2 czenas
|
| 655 |
|
7 |
|a audioknihy
|7 fd119452
|2 czenas
|
| 655 |
|
7 |
|a kompaktní disky
|7 fd201991
|2 czenas
|
| 700 |
1 |
|
|a Dvorská, Naďa,
|d 1947-
|7 jx20040726022
|4 drt
|
| 910 |
|
|
|a BOA001
|b CDR-1459.830
|
| 990 |
|
|
|a AV
|
| 991 |
|
|
|b 202105
|c NOV
|
| 996 |
6 |
|
|b 2610856804
|c CDR-1459.830
|l MZK
|r Sklad / do 24 hodin
|n 0
|p p.v.
|w 001844174
|u 000010
|a 1
|e BOA001
|j MZK50
|s P
|